[Event "Magistral Alzira-Oliva-L'Alcudia"]
[Site "Alzira, Oliva, Alcudia ESP"]
[Date "2010.02.16"]
[Round "6.1"]
[White "Sanchez Saez, Francisco"]
[Black "Palencia, Wilson"]
[Result "1-0"]
[WhiteElo "2193"]
[BlackElo "2348"]
[PlyCount "55"]
[EventDate "2010.02.09"]
[EventType "tourn"]
[EventRounds "9"]
[EventCountry "ESP"]
[EventCategory "3"]
[Source "lmi"]
[SourceDate "2010.02.09"]

1. e4 e5 2. Nc3 Nf6 3. f4 d5 4. fxe5 Nxe4 5. Nf3 Be7 6. Qe2 Bh4+ 7. g3 Bxg3+ 8.
hxg3 Nxg3 9. Qg2 Nxh1 10. Qxg7 Rf8 11. d4 Be6 12. Bh6 Nd7 13. Qg2 Rh8 14. Qxh1
Qe7 15. Bg5 f6 16. exf6 Qf7 17. Nb5 Rc8 18. O-O-O a6 19. Re1 axb5 20. Bh3 Nf8
21. Ne5 h5 22. Nxf7 Kxf7 23. Bxe6+ Nxe6 24. Qxd5 Rce8 25. Qd7+ Kg6 26. Rxe6
Rxe6 27. Qxe6 Kxg5 28. f7 1-0

[Event "Magistral Alzira-Oliva-L'Alcudia"]
[Site "Alzira, Oliva, Alcudia ESP"]
[Date "2010.02.16"]
[Round "6.3"]
[White "Fenollar Jorda, Manuel"]
[Black "Del Valle Cirera, Adria"]
[Result "1-0"]
[WhiteElo "2328"]
[BlackElo "2218"]
[PlyCount "55"]
[EventDate "2010.02.09"]
[EventType "tourn"]
[EventRounds "9"]
[EventCountry "ESP"]
[EventCategory "3"]
[Source "lmi"]
[SourceDate "2010.02.09"]

1. d4 d5 2. Nf3 Nf6 3. e3 c6 4. c4 e6 5. Nbd2 Nbd7 6. Bd3 Bd6 7. O-O Qe7 8. e4
dxe4 9. Nxe4 Nxe4 10. Bxe4 Nf6 11. Bc2 h6 12. Qd3 c5 13. dxc5 Bxc5 14. Ne5 Bd6
15. Ba4+ Nd7 16. Bf4 Bxe5 17. Bxe5 O-O 18. Bd6 Qg5 19. Bxd7 Bxd7 20. Bxf8 Bc6
21. Qg3 Qxg3 22. hxg3 Kxf8 23. Rad1 Ke7 24. g4 a5 25. f3 Ra6 26. Kf2 Rb6 27.
Rd2 a4 28. Ke2 1-0

[Event "Magistral Alzira-Oliva-L'Alcudia"]
[Site "Alzira, Oliva, Alcudia ESP"]
[Date "2010.02.16"]
[Round "6.5"]
[White "Cucarella Montell, Angels"]
[Black "Peña Riasco, Alexander"]
[Result "1/2-1/2"]
[WhiteElo "1965"]
[BlackElo "2211"]
[PlyCount "87"]
[EventDate "2010.02.09"]
[EventType "tourn"]
[EventRounds "9"]
[EventCountry "ESP"]
[EventCategory "3"]
[Source "lmi"]
[SourceDate "2010.02.09"]

1. e4 c5 2. Nf3 d6 3. d4 cxd4 4. Nxd4 Nf6 5. Nc3 a6 6. Qf3 g6 7. h3 Bg7 8. Be3
O-O 9. g4 Nc6 10. O-O-O Nxd4 11. Bxd4 Qa5 12. Qe3 Nd7 13. Bxg7 Kxg7 14. f4 Nb6
15. Kb1 Qc5 16. Qxc5 dxc5 17. Nd5 Nxd5 18. Rxd5 b6 19. Bg2 Be6 20. Rd2 Rad8 21.
Rhd1 Rxd2 22. Rxd2 g5 23. f5 Bc8 24. e5 h5 25. Bf3 Rh8 26. b3 hxg4 27. hxg4 Rh3
28. Rd3 a5 29. Be4 Rxd3 30. cxd3 Bd7 31. Kc2 Kf8 32. Kc3 Ke8 33. d4 cxd4+ 34.
Kxd4 Kd8 35. Bf3 f6 36. exf6 exf6 37. Be4 Kc7 38. Bf3 Kd6 39. Bd1 Bc6 40. Be2
b5 41. a3 Bd5 42. b4 axb4 43. axb4 Bg2 44. Bd1 1/2-1/2

[Event "Magistral Alzira-Oliva-L'Alcudia"]
[Site "Alzira, Oliva, Alcudia ESP"]
[Date "2010.02.17"]
[Round "7.1"]
[White "Peña Riasco, Alexander"]
[Black "Sanchez Saez, Francisco"]
[Result "1-0"]
[WhiteElo "2211"]
[BlackElo "2193"]
[PlyCount "69"]
[EventDate "2010.02.09"]
[EventType "tourn"]
[EventRounds "9"]
[EventCountry "ESP"]
[EventCategory "3"]
[Source "lmi"]
[SourceDate "2010.02.09"]

1. e4 c5 2. Nf3 d6 3. d4 cxd4 4. Nxd4 Nf6 5. Nc3 g6 6. Be3 Bg7 7. f3 O-O 8. Qd2
Nc6 9. Bc4 Bd7 10. O-O-O Rb8 11. Kb1 Na5 12. Be2 a6 13. Bh6 Bxh6 14. Qxh6 e5
15. Nb3 Nxb3 16. axb3 Be6 17. f4 Qe7 18. f5 Bd7 19. g4 Kh8 20. g5 Ng8 21. f6
Nxf6 22. gxf6 Qxf6 23. Rhf1 Qe6 24. Bc4 Qg4 25. Bxf7 Qh3 26. Qc1 Bb5 27. Bc4
Rfc8 28. Bxb5 axb5 29. Nxb5 Ra8 30. Nxd6 Rc6 31. Qg5 Rca6 32. Nf7+ Kg8 33. Rd8+
Rxd8 34. Qxd8+ Kg7 35. Qh8# 1-0

[Event "Magistral Alzira-Oliva-L'Alcudia"]
[Site "Alzira, Oliva, Alcudia ESP"]
[Date "2010.02.17"]
[Round "7.2"]
[White "Gongora Reyes, Maikel"]
[Black "Cucarella Montell, Angels"]
[Result "1/2-1/2"]
[WhiteElo "2470"]
[BlackElo "1965"]
[PlyCount "61"]
[EventDate "2010.02.09"]
[EventType "tourn"]
[EventRounds "9"]
[EventCountry "ESP"]
[EventCategory "3"]
[Source "lmi"]
[SourceDate "2010.02.09"]

1. d4 d5 2. c4 c6 3. Nc3 dxc4 4. e4 b5 5. a4 b4 6. Na2 e5 7. Nf3 Bg4 8. dxe5
Qxd1+ 9. Kxd1 Nd7 10. Bxc4 Nxe5 11. Be2 O-O-O+ 12. Kc2 Nxf3 13. gxf3 Be6 14. b3
a5 15. Be3 Kb7 16. Rad1 Be7 17. Nc1 Nf6 18. Rxd8 Rxd8 19. Rd1 Rxd1 20. Kxd1 Nd7
21. Kc2 Nc5 22. Bd4 f6 23. Bf1 Bd6 24. h3 Kc7 25. Be3 Kd7 26. Bg2 Ke7 27. f4
Nd7 28. Nd3 Kd8 29. Bf1 Kc7 30. f5 Bf7 31. Be2 1/2-1/2

[Event "Magistral Alzira-Oliva-L'Alcudia"]
[Site "Alzira, Oliva, Alcudia ESP"]
[Date "2010.02.17"]
[Round "7.3"]
[White "Del Valle Cirera, Adria"]
[Black "Castellanos Rodriguez, Renier"]
[Result "1/2-1/2"]
[WhiteElo "2218"]
[BlackElo "2438"]
[PlyCount "97"]
[EventDate "2010.02.09"]
[EventType "tourn"]
[EventRounds "9"]
[EventCountry "ESP"]
[EventCategory "3"]
[Source "lmi"]
[SourceDate "2010.02.09"]

1. e4 c5 2. Nf3 e6 3. d4 cxd4 4. Nxd4 a6 5. c4 Qc7 6. Nc3 Nf6 7. a3 b6 8. Be3
Bb7 9. f3 d6 10. Be2 Be7 11. O-O O-O 12. Rc1 Nbd7 13. Qd2 Rac8 14. Rfd1 Rfe8
15. b4 Qb8 16. Nb3 Ba8 17. Kh1 h5 18. Bf1 h4 19. Qf2 h3 20. g4 Ne5 21. Bxh3
Rxc4 22. g5 Nh7 23. f4 Rec8 24. Bd4 Nc6 25. Bf1 b5 26. Bxc4 bxc4 27. Nd2 Nxd4
28. Qxd4 d5 29. exd5 exd5 30. Kg1 Nf8 31. Nxd5 Bxd5 32. Qxd5 Qxf4 33. Rf1 Qg4+
34. Kh1 Qh5 35. Nxc4 Ne6 36. Qd7 Rc7 37. Qe8+ Bf8 38. Rce1 Rxc4 39. Rxe6 Rc2
40. Qxf7+ Qxf7 41. Rxf7 Kxf7 42. Rxa6 Ra2 43. g6+ Ke8 44. Ra8+ Ke7 45. b5 Rf2
46. b6 Kd7 47. b7 Bd6 48. b8=Q Rxh2+ 49. Kg1 1/2-1/2

[Event "Magistral Alzira-Oliva-L'Alcudia"]
[Site "Alzira, Oliva, Alcudia ESP"]
[Date "2010.02.17"]
[Round "7.4"]
[White "Bellon Lopez, Juan Manuel"]
[Black "Fenollar Jorda, Manuel"]
[Result "1/2-1/2"]
[WhiteElo "2440"]
[BlackElo "2328"]
[PlyCount "161"]
[EventDate "2010.02.09"]
[EventType "tourn"]
[EventRounds "9"]
[EventCountry "ESP"]
[EventCategory "3"]
[Source "lmi"]
[SourceDate "2010.02.09"]

1. d4 d5 2. Nf3 Nf6 3. c4 c6 4. Nc3 a6 5. h3 dxc4 6. a4 e6 7. e3 c5 8. Bxc4 Nc6
9. O-O Be7 10. Ne5 Nxe5 11. dxe5 Qxd1 12. Rxd1 Nd7 13. f4 b6 14. Ne4 Bb7 15.
Nd6+ Bxd6 16. Rxd6 O-O-O 17. b3 Nb8 18. Rxb6 Rd1+ 19. Kf2 Nd7 20. Rxa6 Bxa6 21.
Bxa6+ Kc7 22. Be2 Rd5 23. a5 Rb8 24. a6 Ra8 25. Bf3 Nb8 26. Bxd5 exd5 27. a7
Nc6 28. Bb2 Rxa7 29. Rxa7+ Nxa7 30. g4 Nc6 31. Bc3 Kd7 32. Kf3 g6 33. f5 g5 34.
Kg3 Ke8 35. h4 gxh4+ 36. Kxh4 d4 37. exd4 cxd4 38. Bd2 d3 39. Kg5 Nxe5 40. Kf4
f6 41. g5 Kf7 42. Bc3 Nd7 43. gxf6 Nxf6 44. Be1 Nd5+ 45. Ke4 Ne7 46. b4 h5 47.
b5 h4 48. Kxd3 Nxf5 49. b6 h3 50. b7 h2 51. b8=Q h1=Q 52. Qb3+ Ke8 53. Qb5+ Kd8
54. Ba5+ Ke7 55. Qe5+ Kd7 56. Qxf5+ Kc6 57. Qe6+ Kb7 58. Qb6+ Ka8 59. Qa6+ Kb8
60. Qb5+ Qb7 61. Bb6 Qh7+ 62. Kc3 Qb7 63. Qe5+ Ka8 64. Qe8+ Qb8 65. Qa4+ Kb7
66. Qb5 Qg3+ 67. Be3+ Kc8 68. Qe8+ Kb7 69. Qe4+ Kc8 70. Kb4 Qb8+ 71. Ka5 Qd6
72. Qf5+ Kb7 73. Qb5+ Kc8 74. Bc5 Qd2+ 75. Kb6 Qh6+ 76. Ka7 Qg7+ 77. Ka6 Qa1+
78. Kb6 Qf6+ 79. Bd6 Qxd6+ 80. Qc6+ Qxc6+ 81. Kxc6 1/2-1/2

[Event "Magistral Alzira-Oliva-L'Alcudia"]
[Site "Alzira, Oliva, Alcudia ESP"]
[Date "2010.02.17"]
[Round "7.5"]
[White "Palencia, Wilson"]
[Black "Abreu Delgado, Aryam"]
[Result "0-1"]
[WhiteElo "2348"]
[BlackElo "2484"]
[PlyCount "52"]
[EventDate "2010.02.09"]
[EventType "tourn"]
[EventRounds "9"]
[EventCountry "ESP"]
[EventCategory "3"]
[Source "lmi"]
[SourceDate "2010.02.09"]

1. e4 c5 2. Nf3 d6 3. d4 cxd4 4. Nxd4 Nf6 5. Nc3 a6 6. Bg5 e6 7. f4 Nc6 8. Nxc6
bxc6 9. Qd4 h6 10. Bh4 c5 11. Qe3 Be7 12. O-O-O Ng4 13. Qf3 Bxh4 14. Qxg4 O-O
15. Qh5 Rb8 16. g4 Bf2 17. Rd3 Bd4 18. g5 Qb6 19. b3 c4 20. Rg3 cxb3 21. axb3
Qa5 22. Nd1 Bd7 23. Bc4 Rfc8 24. Qe2 Bb5 25. gxh6 Bxc4 26. Rxg7+ Kh8 0-1

[Event "Magistral Alzira-Oliva-L'Alcudia"]
[Site "Alzira, Oliva, Alcudia ESP"]
[Date "2010.02.18"]
[Round "8.1"]
[White "Sanchez Saez, Francisco"]
[Black "Abreu Delgado, Aryam"]
[Result "1/2-1/2"]
[WhiteElo "2193"]
[BlackElo "2484"]
[PlyCount "142"]
[EventDate "2010.02.09"]
[EventType "tourn"]
[EventRounds "9"]
[EventCountry "ESP"]
[EventCategory "3"]
[Source "lmi"]
[SourceDate "2010.02.09"]

1. e4 c5 2. Nf3 d6 3. d4 cxd4 4. Nxd4 Nf6 5. Nc3 a6 6. Be3 e5 7. Nb3 Be6 8. f4
exf4 9. Bxf4 Nc6 10. Qd2 d5 11. O-O-O Nxe4 12. Nxe4 dxe4 13. Qe3 Qf6 14. Qxe4
Rc8 15. Bc4 Nb4 16. Bxe6 Rxc2+ 17. Qxc2 Nxc2 18. Bd7+ Kd8 19. Rhf1 Nb4 20. Bh3+
Ke8 21. Bd7+ Kd8 22. Kb1 Qb6 23. Rfe1 Be7 24. Bf5+ Ke8 25. Bd6 Nc6 26. Bxe7
Nxe7 27. Rd7 Qf6 28. Rdxe7+ Qxe7 29. Rxe7+ Kxe7 30. Be4 b6 31. a4 a5 32. Nd2
Kd6 33. Nc4+ Kc5 34. b3 Re8 35. Bf3 f5 36. Kc2 g5 37. h3 Re6 38. Kc3 h6 39. Nb2
Rg6 40. Nd3+ Kd6 41. Kc4 g4 42. hxg4 fxg4 43. Be4 Rg5 44. Kd4 h5 45. Ke3 h4 46.
Kf4 Rg7 47. Nf2 Rf7+ 48. Bf5 h3 49. gxh3 gxh3 50. Nxh3 Kc5 51. Nf2 Rxf5+ 52.
Kxf5 Kb4 53. Ke4 Kxb3 54. Kd3 Kxa4 55. Kc3 b5 56. Ne4 Ka3 57. Kc2 b4 58. Nc5
Ka2 59. Kc1 Ka3 60. Kb1 a4 61. Nxa4 Kxa4 62. Ka2 Kb5 63. Kb3 Kc5 64. Kb2 Kc4
65. Kc2 b3+ 66. Kb2 Kb4 67. Kb1 Kb5 68. Kb2 Kc4 69. Kb1 Kc3 70. Kc1 b2+ 71. Kb1
Kb3 1/2-1/2

[Event "Magistral Alzira-Oliva-L'Alcudia"]
[Site "Alzira, Oliva, Alcudia ESP"]
[Date "2010.02.18"]
[Round "8.2"]
[White "Fenollar Jorda, Manuel"]
[Black "Palencia, Wilson"]
[Result "1/2-1/2"]
[WhiteElo "2328"]
[BlackElo "2348"]
[PlyCount "56"]
[EventDate "2010.02.09"]
[EventType "tourn"]
[EventRounds "9"]
[EventCountry "ESP"]
[EventCategory "3"]
[Source "lmi"]
[SourceDate "2010.02.09"]

1. d4 Nf6 2. c4 g6 3. Nc3 Bg7 4. e4 d6 5. h3 O-O 6. Bg5 c6 7. Nf3 a6 8. Bd3 b5
9. O-O Nfd7 10. Qd2 Qe8 11. Rfc1 b4 12. Ne2 c5 13. d5 a5 14. Bh6 a4 15. Bxg7
Kxg7 16. g4 e5 17. Ng3 f6 18. Kf1 Nb6 19. Ke2 Rf7 20. Rh1 Ba6 21. Rac1 Raa7 22.
h4 Bc8 23. h5 g5 24. Nh2 h6 25. f3 Bd7 26. Nhf1 Nc8 27. Ne3 Ne7 28. Nef5+ Bxf5
1/2-1/2

[Event "Magistral Alzira-Oliva-L'Alcudia"]
[Site "Alzira, Oliva, Alcudia ESP"]
[Date "2010.02.18"]
[Round "8.4"]
[White "Cucarella Montell, Angels"]
[Black "Del Valle Cirera, Adria"]
[Result "1-0"]
[WhiteElo "1965"]
[BlackElo "2218"]
[PlyCount "53"]
[EventDate "2010.02.09"]
[EventType "tourn"]
[EventRounds "9"]
[EventCountry "ESP"]
[EventCategory "3"]
[Source "lmi"]
[SourceDate "2010.02.09"]

1. e4 c5 2. Nf3 d6 3. d4 cxd4 4. Nxd4 Nf6 5. Nc3 e6 6. g4 h6 7. Rg1 a6 8. h4 d5
9. exd5 Nxd5 10. Nxd5 exd5 11. g5 hxg5 12. hxg5 Nc6 13. Be3 Bb4+ 14. c3 Bd6 15.
g6 f5 16. Qf3 Nxd4 17. Bxd4 Qe7+ 18. Kd2 Be6 19. Re1 O-O-O 20. Bd3 Rhf8 21.
Rxe6 Qxe6 22. Bxg7 d4 23. c4 Kb8 24. Bxf8 Rxf8 25. Kc2 f4 26. Qe4 Qf6 27. Qd5
1-0

[Event "Magistral Alzira-Oliva-L'Alcudia"]
[Site "Alzira, Oliva, Alcudia ESP"]
[Date "2010.02.18"]
[Round "8.5"]
[White "Peña Riasco, Alexander"]
[Black "Gongora Reyes, Maikel"]
[Result "0-1"]
[WhiteElo "2211"]
[BlackElo "2470"]
[PlyCount "66"]
[EventDate "2010.02.09"]
[EventType "tourn"]
[EventRounds "9"]
[EventCountry "ESP"]
[EventCategory "3"]
[Source "lmi"]
[SourceDate "2010.02.09"]

1. e4 c5 2. Nf3 d6 3. d4 cxd4 4. Nxd4 Nf6 5. Nc3 Nc6 6. f3 e5 7. Nb3 Be6 8. Be3
Be7 9. Qd2 O-O 10. O-O-O a5 11. Qf2 Qb8 12. Kb1 a4 13. Nc1 a3 14. b3 Rc8 15.
Rd2 b5 16. Nxb5 d5 17. exd5 Nxd5 18. c4 Nxe3 19. Qxe3 Nd4 20. Bd3 Bb4 21. Rdd1
Bc5 22. Qg5 h6 23. Qh5 Nxb5 24. cxb5 Bd4 25. Ne2 Bb2 26. g4 Ra5 27. Ng3 Rxb5
28. Bf5 Qc7 29. Be4 Rc5 30. Ne2 Rc2 31. g5 Rxe2 32. gxh6 Rxe4 33. h7+ Kh8 0-1

[Event "Magistral Alzira-Oliva-L'Alcudia"]
[Site "Alzira, Oliva, Alcudia ESP"]
[Date "2010.02.19"]
[Round "9.1"]
[White "Gongora Reyes, Maikel"]
[Black "Sanchez Saez, Francisco"]
[Result "1-0"]
[WhiteElo "2470"]
[BlackElo "2193"]
[PlyCount "61"]
[EventDate "2010.02.09"]
[EventType "tourn"]
[EventRounds "9"]
[EventCountry "ESP"]
[EventCategory "3"]
[Source "lmi"]
[SourceDate "2010.02.09"]

1. d4 Nf6 2. c4 g6 3. Nc3 Bg7 4. e4 d6 5. Nge2 O-O 6. Ng3 e5 7. d5 Ng4 8. h3
Nxf2 9. Kxf2 f5 10. Kg1 f4 11. Nge2 Na6 12. Bd2 c6 13. Kh2 g5 14. Nc1 g4 15.
hxg4 f3 16. Kg3 Bxg4 17. Kxg4 Qe8 18. gxf3 Qg6+ 19. Kh3 Rf6 20. Kh2 Raf8 21.
Bg2 Bh6 22. Nd3 Kh8 23. Bxh6 Rg8 24. Qd2 Rxf3 25. Ne1 Rg3 26. Kg1 Nc5 27. Rh2
Nxe4 28. Nxe4 Qxe4 29. dxc6 Qxc6 30. Rc1 e4 31. Qd4+ 1-0

[Event "Magistral Alzira-Oliva-L'Alcudia"]
[Site "Alzira, Oliva, Alcudia ESP"]
[Date "2010.02.19"]
[Round "9.2"]
[White "Del Valle Cirera, Adria"]
[Black "Peña Riasco, Alexander"]
[Result "0-1"]
[WhiteElo "2218"]
[BlackElo "2211"]
[PlyCount "128"]
[EventDate "2010.02.09"]
[EventType "tourn"]
[EventRounds "9"]
[EventCountry "ESP"]
[EventCategory "3"]
[Source "lmi"]
[SourceDate "2010.02.09"]

1. e4 c5 2. Ne2 d6 3. g3 e5 4. Bg2 g6 5. c3 Bg7 6. d4 Nc6 7. dxc5 dxc5 8. Qxd8+
Nxd8 9. Be3 b6 10. Na3 Ne7 11. O-O-O O-O 12. f4 Ba6 13. Rhe1 Ndc6 14. Ng1 Rad8
15. Bf1 Bxf1 16. Rxf1 f5 17. Rxd8 Rxd8 18. fxe5 fxe4 19. Bf4 Bxe5 20. Re1 Bxf4+
21. gxf4 Kg7 22. Rxe4 Kf6 23. Ne2 h5 24. Nc4 Nf5 25. Kc2 Nd6 26. Nxd6 Rxd6 27.
h3 h4 28. Re8 Ne7 29. Ng1 Kf7 30. Rh8 Kg7 31. Re8 Nd5 32. Ne2 Kf7 33. Re4 Nf6
34. Re5 Nh5 35. Rg5 Ng7 36. Re5 Kf6 37. a3 Nh5 38. Re8 Kf5 39. Re5+ Kf6 40. Re3
Rd5 41. Re8 Rf5 42. Rf8+ Ke6 43. Rg8 Kf7 44. Rh8 Nxf4 45. Ng1 Nh5 46. Rh7+ Kf6
47. Rxa7 Rf2+ 48. Kd3 Rxb2 49. Ne2 g5 50. Rb7 Ng3 51. Ng1 Nh5 52. Ne2 Ng3 53.
Ng1 Rb1 54. Nf3 Nh5 55. a4 Nf4+ 56. Kc2 Ra1 57. Rxb6+ Kf5 58. Rc6 Nxh3 59.
Rxc5+ Kf4 60. Nd4 Rxa4 61. Rc8 Nf2 62. Rf8+ Kg3 63. Rg8 g4 64. Kb3 Rxd4 0-1

[Event "Magistral Alzira-Oliva-L'Alcudia"]
[Site "Alzira, Oliva, Alcudia ESP"]
[Date "2010.02.19"]
[Round "9.3"]
[White "Bellon Lopez, Juan Manuel"]
[Black "Cucarella Montell, Angels"]
[Result "1/2-1/2"]
[WhiteElo "2440"]
[BlackElo "1965"]
[PlyCount "24"]
[EventDate "2010.02.09"]
[EventType "tourn"]
[EventRounds "9"]
[EventCountry "ESP"]
[EventCategory "3"]
[Source "lmi"]
[SourceDate "2010.02.09"]

1. b3 d5 2. Nf3 c5 3. Bb2 Nc6 4. e3 a6 5. c4 Nf6 6. cxd5 Nxd5 7. Be2 e6 8. O-O
Nf6 9. a3 Be7 10. Qc2 Bd7 11. Rd1 Rc8 12. Nc3 b5 1/2-1/2

[Event "Magistral Alzira-Oliva-L'Alcudia"]
[Site "Alzira, Oliva, Alcudia ESP"]
[Date "2010.02.19"]
[Round "9.4"]
[White "Palencia, Wilson"]
[Black "Castellanos Rodriguez, Renier"]
[Result "0-1"]
[WhiteElo "2348"]
[BlackElo "2438"]
[PlyCount "124"]
[EventDate "2010.02.09"]
[EventType "tourn"]
[EventRounds "9"]
[EventCountry "ESP"]
[EventCategory "3"]
[Source "lmi"]
[SourceDate "2010.02.09"]

1. e4 c5 2. Nf3 e6 3. d4 cxd4 4. Nxd4 a6 5. Bd3 Bc5 6. Nb3 Be7 7. Nc3 d6 8. Be3
Nd7 9. a4 b6 10. Qg4 g6 11. f4 Bb7 12. O-O Qc7 13. Qe2 Ngf6 14. g4 d5 15. e5
Ne4 16. Nxe4 dxe4 17. Bc4 h5 18. g5 O-O 19. Nd4 Bc5 20. c3 Bxd4 21. cxd4 b5 22.
axb5 Nb6 23. bxa6 Qxc4 24. Qxc4 Nxc4 25. axb7 Rab8 26. Rae1 Rxb7 27. Bc1 e3 28.
Bxe3 Rxb2 29. Bc1 Rb5 30. Kf2 Ra8 31. Re2 Rb3 32. Rd1 Nb6 33. Be3 Nd5 34. Rde1
Raa3 35. Kf3 Kf8 36. Kf2 Rd3 37. Bc1 Rab3 38. Rb2 Rxb2+ 39. Bxb2 Nxf4 40. Bc1
Nd5 41. Bb2 Rb3 42. Bc1 Rh3 43. Kf1 Rxh2 44. Ba3+ Kg7 45. Rc1 Rh1+ 46. Kg2 Rxc1
47. Bxc1 Kf8 48. Bd2 Ke8 49. Kf3 Kd7 50. Ke4 Kc6 51. Be1 Kb5 52. Kd3 Nb4+ 53.
Ke4 Nc2 54. Bf2 Kc4 55. Bg1 h4 56. Bf2 h3 57. Bg1 Nxd4 58. Bh2 Nf5 59. Bf4 Kc3
60. Bh2 Kd2 61. Kf3 Kd3 62. Bg1 Nd4+ 0-1

[Event "Magistral Alzira-Oliva-L'Alcudia"]
[Site "Alzira, Oliva, Alcudia ESP"]
[Date "2010.02.19"]
[Round "9.5"]
[White "Abreu Delgado, Aryam"]
[Black "Fenollar Jorda, Manuel"]
[Result "1/2-1/2"]
[WhiteElo "2484"]
[BlackElo "2328"]
[PlyCount "27"]
[EventDate "2010.02.09"]
[EventType "tourn"]
[EventRounds "9"]
[EventCountry "ESP"]
[EventCategory "3"]
[Source "lmi"]
[SourceDate "2010.02.09"]

1. d4 d5 2. c4 c6 3. cxd5 cxd5 4. Nf3 Nf6 5. Nc3 Nc6 6. Bf4 Bf5 7. e3 e6 8. Bd3
Bxd3 9. Qxd3 Bd6 10. Bxd6 Qxd6 11. O-O O-O 12. Rac1 Rac8 13. a3 Nd7 14. Na4
1/2-1/2